[Event "Salon de Provence op 4th"]
[Site "Salon de Provence"]
[Date "2009.04.25"]
[Round "3"]
[White "Andrieu, Philippe"]
[Black "Pasquali, Dominique"]
[Result "1-0"]
[WhiteElo "1946"]
[BlackElo "1890"]
[PlyCount "52"]
[EventDate "2009.04.24"]
[EventType "swiss"]
[EventRounds "7"]
[EventCountry "FRA"]
[SourceTitle "EXT 2010"]
[Source "ChessBase"]
[SourceDate "2010.11.25"]
[SourceVersion "1"]
[SourceVersionDate "2010.11.25"]
[SourceQuality "1"]

1. d4 d5 2. Bf4 Nf6 3. e3 Nbd7 4. Nd2 c5 5. c3 e6 6. Bd3 c4 7. Bc2 b5 8. Ngf3 Bb7 9. 0-0 Be7 10. Re1 Ne4 11. Nxe4 dxe4 12. Nd2 f5 13. f3 exf3 14. Nxf3 Nf6 15. Be5 0-0 16. Bxf6 Rxf6 17. e4 f4 18. Ne5 Qe8 19. Ng4 Rf8 20. Qe2 Rd8 21. b3 cxb3 22. Bxb3 Qc6 23. Qf3 Bh4 24. Ne5 Qd6 25. Qh3 Bxe1 26. Bxe6+ Kh8 1-0